header

Saving the deal (Record no. 8020)

MARC details
000 -LEADER
fixed length control field 01250nam a2200325 a 4500
001 - CONTROL NUMBER
control field ebr10271830
003 - CONTROL NUMBER IDENTIFIER
control field CaPaEBR
006 - FIXED-LENGTH DATA ELEMENTS--ADDITIONAL MATERIAL CHARACTERISTICS--GENERAL INFORMATION
fixed length control field m u
007 - PHYSICAL DESCRIPTION FIXED FIELD--GENERAL INFORMATION
fixed length control field cr cn|||||||||
008 - FIXED-LENGTH DATA ELEMENTS--GENERAL INFORMATION
fixed length control field 070813s2008 nyu s 001 0 eng
010 ## - LIBRARY OF CONGRESS CONTROL NUMBER
Canceled/invalid LC control number 2007033126
020 ## - INTERNATIONAL STANDARD BOOK NUMBER
Cancelled/invalid ISBN 9780814400302
040 ## - CATALOGING SOURCE
Original cataloging agency CaPaEBR
Transcribing agency CaPaEBR
035 ## - SYSTEM CONTROL NUMBER
System control number (OCoLC)428738442
043 ## - GEOGRAPHIC AREA CODE
Geographic area code n-us---
050 14 - LIBRARY OF CONGRESS CALL NUMBER
Classification number HG2040.5.U5
Item number R86 2008eb
082 04 - DEWEY DECIMAL CLASSIFICATION NUMBER
Classification number 333.33/80688
Edition number 22
100 1# - MAIN ENTRY--PERSONAL NAME
Personal name Rumsey, Tracey.
245 10 - TITLE STATEMENT
Title Saving the deal
Medium [electronic resource] :
Remainder of title how to avoid financing fiascoes and other real estate deal killers /
Statement of responsibility, etc Tracey Rumsey.
260 ## - PUBLICATION, DISTRIBUTION, ETC. (IMPRINT)
Place of publication, distribution, etc New York :
Name of publisher, distributor, etc American Management Association,
Date of publication, distribution, etc c2008.
300 ## - PHYSICAL DESCRIPTION
Extent xi, 192 p.
500 ## - GENERAL NOTE
General note Includes index.
533 ## - REPRODUCTION NOTE
Type of reproduction Electronic reproduction.
Place of reproduction Palo Alto, Calif. :
Agency responsible for reproduction ebrary,
Date of reproduction 2013.
Note about reproduction Available via World Wide Web.
-- Access may be limited to ebrary affiliated libraries.
650 #0 - SUBJECT ADDED ENTRY--TOPICAL TERM
Topical term or geographic name as entry element Mortgage loans
Geographic subdivision United States.
Topical term or geographic name as entry element House buying
Geographic subdivision United States.
Topical term or geographic name as entry element Real estate business
Geographic subdivision United States.
655 #7 - INDEX TERM--GENRE/FORM
Genre/form data or focus term Electronic books.
Source of term local
710 2# - ADDED ENTRY--CORPORATE NAME
Corporate name or jurisdiction name as entry element ebrary, Inc.
856 40 - ELECTRONIC LOCATION AND ACCESS
Uniform Resource Identifier <a href="http://site.ebrary.com/lib/rucke/Doc?id=10271830">http://site.ebrary.com/lib/rucke/Doc?id=10271830</a>
Public note An electronic book accessible through the World Wide Web; click to view

No items available.

© 2026 Rongo University
Contact us: librarian | system librarian | Rongo university